000 00710nam a2200241Ia 4500
003 OSt
005 20220926023023.0
006 a|||||r|||| 00| 0
007 ta
008 220923b |||||||| |||| 00| 0 eng d
037 _cGeneral Book
040 _aRTL
_cRTL
_beng
041 _2eng
_aeng
082 _aX:8:(S:44), L6; M1
100 _aShirley Robert C, etc.
_9328572
245 0 _aStrategy and policy formation
_b A multifunotional orientation.
250 _a2nd
260 _aNew York
_bWiley
_c1981
300 _axi, 286p.
_ccm.
490 _aWiley series in management
942 _hX:8:(S:44), L6; M1
_cGB
_2CC
999 _c640776
_d640776